| 000 | 00977nam0a2200265 4500 | ||
|---|---|---|---|
| 001 | RU\NLR\bibl\2013906 | ||
| 005 | 20250616214035.0 | ||
| 010 |
_a978-5-360-04146-7 _91000 |
||
| 021 |
_aRU _b2013-16227 _91153 |
||
| 035 | _a(NLR Aleph) 002002359 | ||
| 090 |
_a4377256 _c4377256 |
||
| 100 | _a20130320d2013 |||y0rusy50 ca | ||
| 101 | 0 | _arus | |
| 102 | _aRU | ||
| 105 | _ay ||||||||| | ||
| 200 | 1 | _aРусский язык. Кл. 9. Контрольные работы тестовой формы. Практикум для учащихся общеобразовательных учреждений | |
| 210 |
_aМосква _cВентана-Граф _d2013 |
||
| 215 | _d26 | ||
| 700 | 1 |
_aАнтонова _bС. В. _4070 |
|
| 701 | 1 |
_aГулякова _bТ. И. _4070 |
|
| 801 | 0 |
_aRU _bNLR _c20130320 _gRCR |
|
| 801 | 1 |
_aRU _bNLR _c20130320 |
|
| 942 | _cBOOK | ||
| 980 | _aNB | ||